000 00763nam a22002294a 4500
005 2010081100240.0
010 _aENG-99519
020 _c45.00
_a9788190384414
035 _aEN-83051
037 _bDBAD/PUB
082 _a297.29
100 _aWillaim, Xavier
_911337
245 _aReligion or irreligion /
_cby Xavier Willaim
260 _aErankulam
_bWin-Win Books
_c2008
270 _bErankulam
_aWin-Win Books, Nettoor
_e682304
300 _a64 p. :
_c22cm (Pbk)
650 _aApaligetics & palemic
_911338
650 _bServices for approval
_911339
700 _910698
942 _2ddc
_cEN
_mWIL
_h297.29
999 _c41168
_d41168